000 00459nam a2200169Ia 4500
003 GCL
008 140319s9999 xx 000 0 eng d
040 _aGCL /
_cGCL
082 0 4 _a892.7
_bV
100 1 _aCOSTA, PAOLO M
245 1 0 _aL'UOMO E L'AMBIENTE NELLA PENISOLA ARABA /
_cCOSTA, PAOLO M
260 _a[S.N] :
_bACCADEMIA NAZIONALE DEI LINCEI ،
_c1991
300 _a56 P
650 0 4 _aحوادث المرور
650 0 4 _aARABIA
942 _2ddc
_cBK
999 _c12448
_d12448